LEADER 01329nam a2200289 i 4500 001 000000187152 003 CaOOAMICUS 005 20100311000000.0 008 100311s2009 be u000 u mul u 013 $a165213 020 $a978-2-503-52919-6 040 $aSeMil$bita 245 10$aIsidori Hispalensis Synonyma /$ccura et studio Jacques Elfassi. 260 $aTurnhout :$bBrepols,$c2009. 300 $a323, 126 p. ;$c26 cm. 490 0 $aCorpus Christianorum. Series Latina ;$v111.A 500 $aTesto latino, introduzione e commento in francese. - Bibliographie (pp. [CLI]-CLXIX). 700 1 $aElfassi, Jacques.$0(OLS)http://semarc/name/68681 700 0 $aIsidorus : Hispalensis,$c.$0(OLS)http://semarc/name/3357 773 0 $tIsidori Hispalensis Opera.$dTurnhout : Brepols, 2006.$kCorpus Christianorum. Series Latina$w()23102 830 0$aCorpus Christianorum. Series Latina ;$v111.A.$0(OLS)http://semarc/title/37 850 $aSeMil 852 $aSeMil$W1$xVenegono$y1$mSL2.J II 111/B$j137839$B137839$CSeMilBibl$Z2$F149318 $8I 961 $aSottoscrizione: Brepols 996 $6020$a978-2-503-52919-6$9(OLS)http://semarc/number/177539 996 $6245$aIsidori Hispalensis Synonyma$9(OLS)http://semarc/title/269203 996 $6260$aTurnhout :$bBrepols$9(OLS)http://semarc/publisher/29626 LEADER 01341nam a2200289 i 4500 001 000000125750 003 CaOOAMICUS 005 20241203143128.0 008 040426s1982 it u000 u ita u 013 $a98451 040 $aSeMil$bita 100 1 $aArpino, Giovanni,$d<1927-1987>.$0(OLS)http://semarc/name/89966 245 13$aIl contadino Gené /$cGiovanni Arpino ; A cura di Giovanni Albertazzi ; Note di Arianna Vercellino ; Appendice tecnica di Piero Onida. 260 $a[Milano] :$bGarzanti,$c1982. 300 $a102 p., [8] p. di tav. ;$c19 cm. 490 0 $aLetture per le scuole medie 500 $aContiene : Appendice tecnica Vecchie e Nuove frontiere dell'agricoltura. - In mezzo al front : 8 illustrazioni fuori testo. 700 1 $aOnida, Piero.$0(OLS)http://semarc/name/52236 700 1 $aVercellino, Arianna.$0(OLS)http://semarc/name/52235 700 1 $aAlbertazzi, Giovanni.$0(OLS)http://semarc/name/52234 830 0$aLetture per le scuole medie.$0(OLS)http://semarc/title/15302 850 $aSeMil 852 $aSeMil$W1$xVenegono$y1$m60 82 1 *$j80168$B80168$CSeMilBibl$Z2$F82635 $81 961 $aRecupero: Biblioteca Seminario Liceale 996 $6245$aIl contadino Gené$9(OLS)http://semarc/title/185234 996 $6260$a[Milano] :$bGarzanti$9(OLS)http://semarc/publisher/31829